The 2004 Election in Spain: terrorism, accountability and voting /

Збережено в:
Бібліографічні деталі
Автор: Lago, Ignacio
Інші автори: Montero, José Ramón
Формат: Текст
Предмети:
Теги: Додати тег
Немає тегів, Будьте першим, хто поставить тег для цього запису!

MARC

LEADER 00000 a a2200000 04500
001 1846
003
040
100 |a Lago, Ignacio  
245 |a The 2004 Election in Spain:   |b terrorism, accountability and voting /  |c Ignacio Lago ; José Ramón Montero 
650 |a ELECCIONES  
650 |a COMPORTAMIENTO POLITICO  
650 |a TERRORISMO  
650 |a ESPAÑA  
700 |a Montero, José Ramón  
773 |g número 5; páginas 35-59  
999 |c 36474  |d 36474